Rock & Roll Hall of Famers- Sudden Death - Statistics

General Stats
  • This quiz has been taken 126 times
    39 since last reset
  • The average score is 19 of 30
Answers on the Grid
Answers color-coded by a green-red scale on the quiz's grid according to % correct below.
David Bowie
Prince
Joan Jett & the Blackhearts
ABBA
Eminem
NWA
Steely Dan
Michael Jackson
John Mellencamp
Tracy Chapman
Chuck Berry
Bruce Springsteen
Bob Marley
Dolly Parton
Bon Jovi
Alice Cooper
BB King
Big Mama Thornton
Buddy Holly
Cat Stevens
Cream
Creedence Clearwater Revival
Radiohead
Lou Reed
Neil Young
Missy Elliott
Madonna
Nine Inch Nails
The White Stripes
Billy Idol
Phish
Cyndi Lauper
My Chemical Romance
They Might Be Giants
Disturbed
Soundgarden
Ween
Weezer
Kurt Vile
The Traveling Wilburys
Barry Manilow
Rammstein
 
Answer Stats
Answer % Correct
Michael Jackson
84%
Bruce Springsteen
80%
David Bowie
80%
Cream
76%
Neil Young
76%
Prince
76%
Chuck Berry
72%
Creedence Clearwater Revival
72%
Lou Reed
72%
Madonna
72%
Radiohead
72%
Steely Dan
72%
Alice Cooper
68%
Bob Marley
68%
Bon Jovi
68%
Cat Stevens
68%
Dolly Parton
68%
ABBA
64%
BB King
64%
Buddy Holly
64%
Joan Jett & the Blackhearts
64%
NWA
64%
Eminem
60%
John Mellencamp
56%
Nine Inch Nails
56%
Big Mama Thornton
52%
Cyndi Lauper
44%
Soundgarden
44%
Missy Elliott
40%
The White Stripes
32%
No matching quizzes found
Score Distribution
Percent of People with Each Score
Percentile by Number Answered
Your Score History
You have not taken this quiz since the last reset